Mediation in the construction industry (Record no. 112481)

MARC details
000 -LEADER
fixed length control field 01109cam a22002295a 4500
001 - CONTROL NUMBER
control field L153349
008 - FIXED-LENGTH DATA ELEMENTS--GENERAL INFORMATION
fixed length control field 110713s2010 xxk f 000 0 eng d
020 ## - INTERNATIONAL STANDARD BOOK NUMBER
International Standard Book Number 9780203893012
035 ## - SYSTEM CONTROL NUMBER
System control number (Sirsi) u153349
041 0# - LANGUAGE CODE
Language code of text/sound track or separate title eng
100 1# - MAIN ENTRY--PERSONAL NAME
Personal name Brooker, Penny
245 00 - TITLE STATEMENT
Title Mediation in the construction industry
Remainder of title an international review
Medium [electronic resource]
260 ## - PUBLICATION, DISTRIBUTION, ETC.
Name of publisher, distributor, etc. Taylor & Francis Ltd
Date of publication, distribution, etc. 2010
300 ## - PHYSICAL DESCRIPTION
Extent eBook
520 ## - SUMMARY, ETC.
Summary, etc. This eBook identifies the emerging international practices within construction mediation, and seeks solutions to the many legal and commercial challenges which they pose. It presents an international collection of reviews by experts, and allows a comparative commentary on the practice of construction mediation and the legal challenges facing its development.
650 24 - SUBJECT ADDED ENTRY--TOPICAL TERM
Topical term or geographic name entry element EBOOK
651 #4 - SUBJECT ADDED ENTRY--GEOGRAPHIC NAME
Geographic name International
690 ## - LOCAL SUBJECT ADDED ENTRY--TOPICAL TERM (OCLC, RLIN)
Topical term or geographic name as entry element MANAGEMENT-DISPUTE AVOIDANCE, MANAGEMENT AND RESOLUTION-DISPUTE MANAGEMENT AND RESOLUTION
700 1# - ADDED ENTRY--PERSONAL NAME
Personal name Wilkinson, Suzanne
856 40 - ELECTRONIC LOCATION AND ACCESS
Uniform Resource Identifier <a href="https://www.vlebooks.com/">https://www.vlebooks.com/</a>
Public note View on VLEbooks. Logins for members only from [email protected]
942 ## - ADDED ENTRY ELEMENTS (KOHA)
Suppress in OPAC 0
Holdings
Withdrawn status Lost status Source of classification or shelving scheme Damaged status Not for loan Home library Current library Shelving location Date acquired Total Checkouts Full call number Barcode Date last seen Copy number Price effective from Koha item type
    Dewey Decimal Classification     Virtual Virtual Online 13/07/2011   EBOOK 153349-1001 06/08/2019 1 06/08/2019 Book